[Event "EuTCh"]
[Site "Leon ESP"]
[Date "2001.11.14"]
[Round "8"]
[White "Antoms,G"]
[Black "Borgo,G"]
[Result "1/2-1/2"]
[WhiteElo "2486"]
[BlackElo "2424"]

1.e4 c5 2.Nc3 Nc6 3.Bb5 g6 4.Nf3 Bg7 5.O-O Nd4 6.Nxd4 cxd4 7.Ne2 Nf6 8.d3 Qa5
9.a4 a6 10.Bc4 d5 11.exd5 Nxd5 12.Bd2 Qc5 13.Qc1 O-O 14.Bh6 Nf6 15.Ng3 Re8
16.Re1 e5 17.Qg5 Bxh6 18.Qxf6 Qc7 19.Ne4 Bg7 20.Qh4 h6 21.Nf6+ Bxf6 22.Qxf6 Be6
23.Qxe5 Qxe5 24.Rxe5 Bxc4 25.Rxe8+ Rxe8 26.dxc4 Re2 27.Rc1 d3 28.cxd3 Rxb2
29.g3 Kf8 30.c5 Rb4 31.a5 Rb5 32.d4 Rxa5 33.d5 Ke7 34.Rb1 Rxc5 35.Rxb7+ Ke8
36.Ra7 Rxd5  1/2-1/2

[Event "ch-NR"]
[Site "Novosibirsk RUS"]
[Date "2001.11.16"]
[Round "4"]
[White "Chigvintsev,A"]
[Black "Kazakov,P"]
[Result "1/2-1/2"]
[WhiteElo "2377"]
[BlackElo "2329"]

1.Nf3 c5 2.e4 Nc6 3.Nc3 g6 4.Bc4 Bg7 5.O-O d6 6.h3 Nf6 7.Re1 O-O 8.a3 a6
9.b4 b5 10.Bf1 Bb7 11.Rb1 cxb4 12.axb4 Rb8 13.Rb3 e5 14.d3 h6 15.Bd2 Re8
16.g4 d5 17.g5 hxg5 18.exd5 Nd4 19.Nxd4 exd4 20.Ne4 Bxd5 21.Bxg5 Qb6 22.Bxf6 Bxb3
23.Bxg7 Bxc2 24.Nf6+ Kxg7 25.Nxe8+ Rxe8 26.Qd2 Rxe1 27.Qxe1 Qd6 28.Qd2 Bb3
29.Bg2 Be6 30.h4 Qe5 31.Be4 f5 32.Qg5 Qd6 33.Bb7 Bd5 34.Bxd5 Qxd5 35.h5 Qf7
36.Kf1  1/2-1/2

[Event "TCh-CZE 2001-2"]
[Site "CZE"]
[Date "2001.11.18"]
[Round "3"]
[White "Sikora,J"]
[Black "Zimniok,L"]
[Result "0-1"]
[WhiteElo "2181"]
[BlackElo "2163"]

1.e4 c5 2.Nc3 Nc6 3.Nf3 d6 4.d4 cxd4 5.Nxd4 Nf6 6.f3 e6 7.Be3 a6 8.Qd2 Qc7
9.g4 Nd7 10.O-O-O Nde5 11.f4 Nxd4 12.Qxd4 Nxg4 13.Bg1 Bd7 14.Be2 Nf6 15.e5 dxe5
16.fxe5 Nd5 17.Nxd5 exd5 18.Bf3 Rc8 19.Rd2 Be6 20.Bxd5 Bxd5 21.Qxd5 Bb4 22.Rg2 Rd8
23.Qe4 Qa5 24.e6 Bd2+ 25.Kb1 O-O 26.Bd4 Rxd4 27.Qxd4 Bh6 28.e7 Re8 29.Qd7 Qb5
30.Rd1 Qxd7 31.Rxd7 f6 32.Rxb7 Kf7 33.Re2 Bf4 34.c4 Be5 35.Ra7 g5 36.Rxa6 Bd4
37.b4 f5 38.c5 f4 39.c6 f3  0-1

[Event "TCh-FIN 2001-02"]
[Site "FIN"]
[Date "2001.11.18"]
[Round "5"]
[White "Nevanlinna,R"]
[Black "Pessi,J"]
[Result "1-0"]
[WhiteElo "2355"]
[BlackElo "2198"]

1.e4 c5 2.Nf3 Nc6 3.Nc3 d6 4.d4 cxd4 5.Nxd4 e6 6.Bc4 Nf6 7.Bb3 Be7 8.Be3 O-O
9.Rg1 a6 10.g4 d5 11.exd5 Nxd5 12.Nxd5 exd5 13.Nf5 Bf6 14.Qxd5 Bxb2 15.Rd1 Qf6
16.Nd6 Be6 17.Qg5 Qf3 18.Bxe6 fxe6 19.Qc5 b6 20.Qc4 Na5 21.Qxe6+ Kh8 22.Rd3 Qc6
23.Nf7+ Rxf7 24.Qxf7 Qxc2 25.Qd5 Rf8 26.Rg3 Nc4 27.Rf3 Rg8 28.Qxg8+  1-0

[Event "ch-Balkan"]
[Site "Istanbul TUR"]
[Date "2001.11.22"]
[Round "5"]
[White "Petrov,M"]
[Black "Atakisi,U"]
[Result "1-0"]
[WhiteElo "2451"]
[BlackElo "2278"]

1.e4 c5 2.Nf3 Nc6 3.Nc3 d6 4.d4 cxd4 5.Nxd4 Nf6 6.f4 e5 7.Nf3 Be7 8.Bd3 O-O
9.O-O Be6 10.f5 Bd7 11.Bg5 Rb8 12.Qd2 b5 13.Bxf6 Bxf6 14.Nd5 Nd4 15.Ne1 Bg5
16.Qf2 b4 17.c3 bxc3 18.bxc3 Nb5 19.Nf3 Bf6 20.g4 a5 21.g5 Bxg5 22.a4 Nc7
23.Nxc7 Qxc7 24.Nxg5 Qxc3 25.f6 g6 26.Qe3 Rb3 27.Rfd1 Bg4 28.Rac1 Qb4 29.Rd2 h6
30.Ne6 fxe6 31.Qxh6 Qb7 32.Qxg6+ Kh8 33.Qh6+ Kg8 34.Rg2 Kf7 35.Qg7+ Ke8 36.Rc8+  1-0

[Event "FIDE WCh Women KO"]
[Site "Moscow RUS"]
[Date "2001.11.27"]
[Round "1.1"]
[White "Radziewicz,I"]
[Black "Paehtz,E"]
[Result "1/2-1/2"]
[WhiteElo "2387"]
[BlackElo "2392"]

1.e4 c5 2.Nc3 Nc6 3.Bb5 Nd4 4.Bc4 g6 5.Nf3 Bg7 6.Nxd4 cxd4 7.Qf3 f5 8.Ne2 Qa5
9.O-O e6 10.exf5 Qxf5 11.Qxf5 gxf5 12.d3 Ne7 13.Re1 Kf7 14.Bf4 b6 15.Bd6 Nc6
16.Ng3 Kg6 17.h4 Bf6 18.h5+ Kg7 19.a4 a5 20.Bb5 Nb4 21.Re2 Nd5 22.Nf1 Kh6
23.Ng3 Rg8 24.Rae1 f4 25.Ne4 f3 26.Nxf6 Rxg2+ 27.Kf1 Nxf6 28.Re5 Bb7 29.Rxe6 dxe6
30.Rxe6 Kxh5 31.Rxf6 Rag8 32.Ke1 Rg1+ 33.Kd2 R8g2 34.Be5 Rg3 35.fxg3 Rg2+
36.Ke1 Rxc2 37.Rf7 Bc8 38.Rxf3 Rxb2 39.Rf4 Rb4 40.Kd2 Kg5 41.Rf7 h6 42.Rg7+ Kf5  1/2-1/2

[Event "ch-GER"]
[Site "Altenkirchen GER"]
[Date "2001.11.30"]
[Round "1"]
[White "Wolter,K"]
[Black "Kalinitschew,S"]
[Result "1/2-1/2"]
[WhiteElo "2295"]
[BlackElo "2487"]

1.e4 c5 2.Nf3 Nc6 3.Nc3 d6 4.d4 cxd4 5.Nxd4 Nf6 6.Be2 e5 7.Nf3 h6 8.O-O Be7
9.Re1 O-O 10.h3 Be6 11.Bf1 Nb8 12.b3 a6 13.a4 Qc7 14.Bb2 Nbd7 15.Nd2 Rfe8
16.Nc4 Nc5 17.a5 Qc6 18.Nb6 Rad8 19.Qf3 Nh7 20.Nbd5 Ng5 21.Qe3 f5 22.exf5 Bxf5
23.b4 Nd7 24.b5  1/2-1/2

[Event "ch-ROM w"]
[Site "Targoviste ROM"]
[Date "2001.11.30"]
[Round "7"]
[White "Ciobanu,C"]
[Black "Kovacs,O"]
[Result "1-0"]
[WhiteElo "2239"]
[BlackElo "2116"]

1.e4 c5 2.Nc3 Nc6 3.Nge2 g6 4.d4 cxd4 5.Nxd4 Bg7 6.Be3 Nf6 7.Bc4 d6 8.h3 Bd7
9.O-O O-O 10.Bb3 a6 11.a4 a5 12.f4 Qc8 13.Qf3 Rd8 14.Rad1 Be8 15.Ndb5 Bd7
16.Nd5 Nxd5 17.exd5 Nb4 18.Bb6 Rf8 19.c3 Na6 20.Bc2 Bxb5 21.axb5 Nc5 22.Rde1 Bf6
23.g4 Qd7 24.Qe2 Rfe8 25.g5 Bg7 26.f5 Qc8 27.Qf2 Nd7 28.fxg6 fxg6 29.Bxg6 hxg6
30.Qf7+ Kh8 31.Rf4 Nf6 32.Rh4+ Nh7 33.Qxg6  1-0

[Event "FSGMB December"]
[Site "Budapest HUN"]
[Date "2001.12.02"]
[Round "2"]
[White "Colovic,A"]
[Black "Horvath,P1"]
[Result "1/2-1/2"]
[WhiteElo "2364"]
[BlackElo "2441"]

1.e4 c5 2.Nc3 Nc6 3.Nge2 e5 4.Nd5 d6 5.Nec3 Nge7 6.Bc4 Nxd5 7.Nxd5 Be7 8.d3 O-O
9.O-O Bg5 10.Qh5 Bxc1 11.Raxc1 Ne7 12.f4 Nxd5 13.Bxd5 exf4 14.Rxf4 Be6 15.Rcf1 Qe7
16.Bxe6  1/2-1/2

[Event "ch-ROM w"]
[Site "Targoviste ROM"]
[Date "2001.12.02"]
[Round "8"]
[White "Ionica,I"]
[Black "Ciobanu,C"]
[Result "1-0"]
[WhiteElo "2186"]
[BlackElo "2239"]

1.e4 c5 2.Nc3 Nc6 3.Nge2 d6 4.g3 g6 5.d4 cxd4 6.Nxd4 Bg7 7.Nde2 Nf6 8.Bg2 O-O
9.O-O Be6 10.h3 a5 11.Be3 a4 12.Nd5 Nd7 13.Nd4 a3 14.b3 Nc5 15.c4 Bd7 16.Rc1 e6
17.Nc3 Nb4 18.Qd2 Ncd3 19.Rb1 Bc6 20.Nc2 Qa5 21.Nxb4 Nxb4 22.Bh6 Bxh6 23.Qxh6 b5
24.f4 f5 25.cxb5 Bxb5 26.Nxb5 Qxb5 27.exf5 exf5 28.Bxa8 Rxa8 29.Rf2 Qc5 30.Kg2 Re8
31.Rbf1 Nd3 32.Qh4 Nxf2 33.Rxf2 Qd5+ 34.Kh2 Qd4 35.g4 fxg4 36.hxg4 Qa1 37.Qg3 Re1
38.Qg2 Qf6 39.Qd5+ Kg7 40.g5 Qe7 41.Qd4+ Kg8 42.Qc4+ Qe6 43.Qxe6+ Rxe6 44.Kg3 Kf7
45.Kf3 Re7 46.Rd2 Rd7 47.Rd5 Rc7 48.Ra5 Ke6 49.Rxa3 Kd5 50.Ra4 Rc1 51.Ra7 Rh1
52.Kg2 Ra1 53.a4 Ke4 54.b4 d5 55.Kg3 d4 56.Re7+ Kd3 57.Rxh7 Rxa4 58.Rh6 Ke2
59.Rxg6 d3 60.Re6+ Kf1 61.Rd6 Ke2 62.g6 Rxb4 63.g7 Rb8 64.f5 Rg8 65.f6 d2
66.Kf4 d1=Q 67.Rxd1 Kxd1 68.Kf5  1-0

[Event "9th YM"]
[Site "Loures POR"]
[Date "2001.12.04"]
[Round "8"]
[White "Fernando,D"]
[Black "Pinheiro,J"]
[Result "1/2-1/2"]
[WhiteElo "2367"]
[BlackElo "2339"]

1.e4 c5 2.Nc3 Nc6 3.Nf3 g6 4.Bb5 Bg7 5.O-O Nd4 6.Ba4 e6 7.Nxd4 cxd4 8.Nb5 a6
9.Nd6+ Ke7 10.Nxc8+ Rxc8 11.d3 Kf8 12.Bd2 Ne7 13.Rc1 h6 14.c3 dxc3 15.bxc3 Kg8
16.d4 d5 17.exd5 b5 18.Bb3 Nxd5 19.Qf3 Qd7 20.h4 h5 21.Rfe1 Kh7 22.Bc2 Bf6
23.a4 Kg7 24.axb5 axb5 25.Bd3 Bxh4 26.Qe2 b4 27.Bb5 Qd6 28.c4 Nc3 29.Bxc3 bxc3
30.Red1 Bf6 31.c5 Qf4 32.g3 Qg5 33.Rxc3 h4 34.Qe4 hxg3 35.Rxg3 Qh5 36.Be2 Qh2+
37.Kf1 Rh4 38.Rg4 Qh3+ 39.Qg2 Qxg2+ 40.Kxg2 Rxg4+ 41.Bxg4 Rc7  1/2-1/2

[Event "Admiralteiskii Women"]
[Site "St Petersburg RUS"]
[Date "2001.12.04"]
[Round "2"]
[White "Melamed,T"]
[Black "Kharashkina,B"]
[Result "0-1"]
[WhiteElo "2291"]
[BlackElo "2178"]

1.e4 c5 2.Nc3 Nc6 3.Bb5 e6 4.Bxc6 bxc6 5.d3 d5 6.f4 Ba6 7.Nf3 Be7 8.O-O Nf6
9.e5 Nd7 10.b3 Rb8 11.Kh1 h5 12.Na4 c4 13.Nd4 Qc8 14.f5 c5 15.fxe6 cxd4 16.exd7+ Qxd7
17.e6 Qxe6 18.Ba3 O-O 19.Re1 Qxe1+ 20.Qxe1 Bxa3 21.Qa5 cxd3 22.cxd3 Bxd3
23.Qxa7 Be4 24.Qxd4 Rbc8 25.Rg1 Rc2 26.h3 Rfc8 27.Qe5 h4 28.Nb6 R8c3 29.Kh2 Bc5
30.Qe8+ Kh7 31.Qxf7 Bxg1+ 32.Kh1 Rxh3+ 33.Kxg1 Rxg2+ 34.Kf1 Rh1+  0-1

[Event "Friendship IM"]
[Site "Prerove CZE"]
[Date "2001.12.06"]
[Round "3"]
[White "Van de Berkmortel,T"]
[Black "Pataki,G"]
[Result "0-1"]
[WhiteElo "2264"]
[BlackElo "2344"]

1.e4 c5 2.Nf3 Nc6 3.Nc3 d6 4.g3 e5 5.Bg2 g6 6.d3 Bg7 7.Bg5 f6 8.Be3 Nd4 9.Nd5 Ne7
10.Nxe7 Qxe7 11.c3 Nxf3+ 12.Bxf3 O-O 13.Qd2 f5 14.Bd1 Be6 15.f3 Qf7 16.O-O b6
17.Ba4 d5 18.Bg5 f4 19.gxf4 h6 20.Bh4 exf4 21.Rfe1 g5 22.Bf2 dxe4 23.dxe4 Rad8
24.Qe2 Bc4 25.Qxc4 Qxc4 26.Bb3 Qf7 27.Bxf7+ Rxf7 28.h4 Rd2 29.Rab1 Rfd7 30.Kf1 Rc2
31.Re2 Rdd2 32.Rxd2 Rxd2 33.hxg5 hxg5 34.a4 Kf7 35.a5 Ke6 36.Ke1 Rc2 37.Kf1 Be5
38.axb6 axb6 39.Be1 b5 40.b4 c4 41.Ra1 Bxc3 42.Rd1 Bxe1 43.Kxe1 Rb2 44.Rd5 Rxb4
45.Rxg5 c3 46.Rc5 Rb3 47.Ke2 b4 48.Kd1 Rb2 49.Rc4 Ke5 50.Kc1 Rf2  0-1

[Event "Admiralteiskii Women"]
[Site "St Petersburg RUS"]
[Date "2001.12.06"]
[Round "4"]
[White "Stjazhkina,O"]
[Black "Tsiganova,M"]
[Result "1/2-1/2"]
[WhiteElo "2310"]
[BlackElo "2261"]

1.e4 c5 2.Nc3 Nc6 3.Bb5 d6 4.Bxc6+ bxc6 5.d3 g6 6.f4 Bg7 7.Nf3 Qb6 8.O-O Bg4
9.Kh1 Nf6 10.Qe1 Bxf3 11.Rxf3 Nd7 12.Rb1 e5 13.f5 f6 14.Be3 Qa6 15.Qh4 O-O-O
16.Qe1 Kc7 17.Rf1 Rb8 18.Qe2 g5 19.Qh5 Qc8 20.b3 Qe8 21.Qe2 Qf7 22.Na4 Nb6
23.Nb2 Bf8 24.c3 Rb7 25.d4 cxd4 26.cxd4 exd4 27.Bxd4 Kb8 28.Qc2 c5 29.Bc3 Be7
30.Nd3 Rc8 31.Bd2  1/2-1/2

[Event "ch-ROM"]
[Site "Targoviste ROM"]
[Date "2001.12.07"]
[Round "13"]
[White "Berescu,A"]
[Black "Jianu,V"]
[Result "1-0"]
[WhiteElo "2422"]
[BlackElo "2397"]

1.e4 c5 2.Nc3 Nc6 3.Bb5 g6 4.Bxc6 dxc6 5.d3 Bg7 6.Be3 b6 7.Qd2 e5 8.h3 h6
9.O-O-O Nf6 10.f4 exf4 11.Bxf4 Be6 12.Nf3 Qe7 13.d4 O-O-O 14.Qe3 cxd4 15.Nxd4 Kb7
16.g4 Qc5 17.Nxe6 Qxe3+ 18.Bxe3 fxe6 19.Bd4 Kc8 20.Be5 Ne8 21.Rxd8+ Kxd8
22.Bxg7 Nxg7 23.Rf1 Ke7 24.e5 Rf8 25.Rxf8 Kxf8 26.Ne4 Ne8 27.Kd2 Nc7 28.c4 Na6
29.Kc3 Ke7 30.b4 Nb8 31.Kd4 Nd7 32.h4 Nb8 33.Nf6 Kf8 34.b5 c5+ 35.Ke4 Kf7
36.a4 Kf8 37.Kf4 Kf7 38.Ne4 Nd7 39.Nd6+ Ke7 40.Nb7 Kf7 41.Nd8+ Ke8 42.Nxe6 Ke7
43.Nc7 Nf8 44.Ke4 Kd8 45.Nd5 Kd7 46.h5 gxh5 47.gxh5 Ne6 48.Kf5 Ng5 49.Nf6+ Ke7
50.Ng8+  1-0

[Event "FSIMB December"]
[Site "Budapest HUN"]
[Date "2001.12.08"]
[Round "8"]
[White "Brustkern,J"]
[Black "Farago,S"]
[Result "0-1"]
[WhiteElo "2275"]
[BlackElo "2323"]

1.e4 c5 2.Nc3 Nc6 3.Bb5 Nd4 4.Bc4 e6 5.Nf3 a6 6.a4 Qf6 7.Nxd4 cxd4 8.Ne2 Bc5
9.O-O Ne7 10.d3 d5 11.exd5 exd5 12.Bb3 Bd6 13.Bd2 Bg4 14.f3 Be6 15.Qc1 Nf5
16.Bf4 Bc5 17.Re1 O-O 18.Kh1 Rac8 19.Qd1 Rfe8 20.Ng3 Ne3 21.Bxe3 dxe3 22.c3 Qh6
23.d4 Bd6 24.Nf1 Bf4 25.g3 Bh3 26.Re2 Qh5 27.g4 Qg5 28.Ng3 g6 29.Qd3 Rc6
30.Rg1 Kh8 31.a5 Rf6 32.Ba4 Re7 33.Nf1 h5 34.Re1 hxg4 35.Bd1 Qh4 36.Ng3 Bg5
37.f4 Bxf4 38.Bb3 Bxg3 39.Rxg3 Rf2 40.Re2 Bf1  0-1

[Event "sf ch-NED"]
[Site "Leeuwarden NED"]
[Date "2001.12.09"]
[Round "2.2"]
[White "Bosch,Je"]
[Black "Hendriks,W"]
[Result "1/2-1/2"]
[WhiteElo "2454"]
[BlackElo "2372"]

1.e4 c5 2.Nf3 Nc6 3.Nc3 e6 4.Bb5 Nge7 5.O-O a6 6.Bxc6 Nxc6 7.d4 cxd4 8.Nxd4 Be7
9.Nxc6 bxc6 10.e5 Qc7 11.Re1 O-O 12.Bf4 Qb6 13.Rb1 f6 14.exf6 Rxf6 15.Bg5 Qxf2+
16.Kh1 d5 17.Bxf6 Bxf6 18.Rf1 Qd4 19.Qf3 e5 20.Rbd1 Bg4 21.Rxd4 Bxf3 22.Rb4 Bh5
23.Rb6 Be8 24.Na4 e4 25.c3 d4 26.cxd4 Bxd4 27.Rb7 e3 28.Re1 Bf7 29.Nc3 Rf8
30.h3 Bc4 31.Re7 Bxc3 32.bxc3 e2 33.R1xe2 Bxe2 34.Rxe2 Rf4 35.Re5  1/2-1/2

[Event "FSGMB December"]
[Site "Budapest HUN"]
[Date "2001.12.10"]
[Round "10"]
[White "Pilgaard,K"]
[Black "Nyback,T"]
[Result "0-1"]
[WhiteElo "2437"]
[BlackElo "2430"]

1.e4 c5 2.Nf3 Nc6 3.Nc3 d6 4.d4 cxd4 5.Nxd4 e5 6.Nb3 Nf6 7.f3 Be7 8.Be3 O-O
9.Qd2 a5 10.Bb5 Na7 11.Ba4 Be6 12.Qf2 b5 13.Nxb5 Nxb5 14.Bxb5 a4 15.Bb6 Qb8
16.Nd2 d5 17.c4 d4 18.c5 Rc8 19.Bc4 Bxc5 20.Bxe6 fxe6 21.Bxc5 Rxc5 22.O-O Qxb2
23.Rfb1 Qc3 24.Nf1 Rac8 25.a3 Qc2 26.Qxc2 Rxc2 27.Rb4 R8c4 28.Rab1 R2c3 29.Rb8+ Kf7
30.R1b7+ Kg6 31.Re7 Rxa3 32.Rbb7 Rc1 33.Rxg7+ Kh6 34.h4 Raa1 35.g4 Rxf1+
36.Kg2 Rg1+ 37.Kf2 Rgb1 38.g5+ Kh5 39.Rxb1 Nxe4+ 40.fxe4 Rxb1 41.Rxh7+ Kg4
42.g6 Rb2+ 43.Ke1 Kf3 44.Ra7 Ke3 45.Kf1 d3 46.g7 d2 47.Rd7 Rb8 48.h5 a3 49.h6 a2
50.h7 a1=Q+ 51.Kg2 d1=Q 52.Rxd1 Qxd1 53.g8=Q Qf3+  0-1

[Event "Admiralteiskii Women"]
[Site "St Petersburg RUS"]
[Date "2001.12.11"]
[Round "9"]
[White "Melamed,T"]
[Black "Kalinina,V"]
[Result "1/2-1/2"]
[WhiteElo "2291"]
[BlackElo "2271"]

1.e4 c5 2.Nc3 Nc6 3.Bb5 g6 4.Bxc6 dxc6 5.d3 Bg7 6.Be3 b6 7.Qd2 Qc7 8.f4 Nf6
9.Nf3 O-O 10.h3 Rd8 11.O-O c4 12.d4 b5 13.a3 a5 14.Qf2 Ba6 15.e5 Nd7 16.Ne4 Nb6
17.c3 Bc8 18.Nc5 Nd5 19.Bd2 Rb8 20.Qh4 b4 21.axb4 axb4 22.f5 bxc3 23.bxc3 gxf5
24.Bh6 f6 25.Ne6 Bxe6 26.Qg3 Kf7 27.Qxg7+ Ke8 28.exf6 exf6 29.Qh8+ Kd7 30.Qxh7+ Kc8
31.Qxc7+ Kxc7 32.Rae1 Kd7 33.Bd2 Rb2 34.Rf2 Ra8 35.Ref1 Raa2 36.Be1 Nf4 37.Rxb2 Rxb2
38.Rf2 Rb1 39.Rf1 Bd5 40.Nd2 Rc1 41.Bh4 Ne2+ 42.Kf2 Rxf1+ 43.Kxf1 Nxc3 44.Bxf6 Na2
45.Nb1 c3 46.Na3 Be4 47.Bg5 c2 48.Nxc2 Bxc2 49.Bd2 Kd6 50.h4 Bd1 51.Kf2 Kd5
52.Ke3 Bg4 53.Kf4 Kxd4 54.Kg5 Ke5 55.h5 Bxh5 56.Kxh5 c5 57.Kg5 Ke4 58.g4 fxg4
59.Kxg4 Kd3 60.Bh6 c4 61.Bg7 Nb4 62.Kf3 Nc2 63.Bb2 Ne3 64.Bg7 Nf5 65.Bb2 Nd4+
66.Kf2 Ne2 67.Ke1 Nc3 68.Ba3 Na2 69.Bb2 Nb4 70.Kd1 Na2 71.Bg7 Nc3+ 72.Kc1 Ne2+
73.Kd1 Nf4 74.Kc1 Ne6 75.Bf6 Nd4 76.Bxd4 Kxd4 77.Kd2 c3+ 78.Kc2 Kc4 79.Kc1 Kd3
80.Kd1 c2+ 81.Kc1  1/2-1/2

[Event "Winter Cup"]
[Site "Bucharest ROM"]
[Date "2001.12.14"]
[Round "4"]
[White "Voicu,C"]
[Black "Moraru,M"]
[Result "0-1"]
[WhiteElo "2205"]
[BlackElo "2303"]

1.e4 c5 2.Nf3 Nc6 3.Nc3 g6 4.d4 cxd4 5.Nxd4 Bg7 6.Be3 Nf6 7.Bc4 O-O 8.Bb3 a5
9.f3 a4 10.Nxa4 d5 11.Nxc6 bxc6 12.O-O Qc7 13.exd5 Nxd5 14.Bxd5 cxd5 15.Nb6 Ra5
16.Qd2 d4 17.Bxd4 Rd8 18.Qxa5 Bxd4+ 19.Kh1 Bxb6 20.Qb5 Rd2 21.c3 Bh3 22.Rg1 Bxg1
23.Rxg1 Qf4 24.Qb7 Be6 25.Qxe7 Bd5  0-1

[Event "XIV Carlos Torre"]
[Site "Merida MEX"]
[Date "2001.12.15"]
[Round "2"]
[White "Hernandez,Gi"]
[Black "Ancheyta,A"]
[Result "1-0"]
[WhiteElo "2547"]
[BlackElo "2142"]

1.e4 c5 2.Nc3 Nc6 3.Bb5 Nd4 4.Bc4 d6 5.Nge2 Nf6 6.O-O e6 7.d3 Nxe2+ 8.Qxe2 Be7
9.f4 O-O 10.e5 Nd7 11.exd6 Bxd6 12.Ne4 Be7 13.Bd2 a6 14.a4 b6 15.Bc3 Nf6
16.Rae1 Nd5 17.Be5 Qd7 18.f5 exf5 19.Ng3 g6 20.Nxf5 gxf5 21.Qf3 Nf6 22.Qg3+ Kh8
23.Qh4 Rg8 24.Bxf6+ Bxf6 25.Qxf6+ Rg7 26.Re7 Qd4+ 27.Qxd4 cxd4 28.Rf4 Be6
29.Rxd4 Bxc4 30.Rxc4 b5 31.axb5 axb5 32.Rb4 Ra1+ 33.Kf2 Rc1 34.Re2  1-0

[Event "London Open"]
[Site "London ENG"]
[Date "2001.12.16"]
[Round "5"]
[White "Rowson,J"]
[Black "Gormally,D"]
[Result "1/2-1/2"]
[WhiteElo "2512"]
[BlackElo "2505"]

1.e4 c5 2.Nc3 Nc6 3.Nf3 e5 4.Bc4 d6 5.d3 Be7 6.h3 Nf6 7.Nh2 O-O 8.Ng4 Nd7
9.O-O Nb6 10.Ne3 Bg5 11.Ned5 Nxc4 12.dxc4 Be6 13.Nb5 Bxc1 14.Rxc1 Kh8 15.c3 Qd7
16.Rc2 a6 17.Nbc7 Rad8 18.Rd2 Na5 19.b3  1/2-1/2

[Event "Winter Cup"]
[Site "Bucharest ROM"]
[Date "2001.12.17"]
[Round "7"]
[White "Sebe,F"]
[Black "Aldea,L"]
[Result "1/2-1/2"]
[WhiteElo "2278"]
[BlackElo "2233"]

1.e4 c5 2.Nc3 Nc6 3.Nf3 d6 4.d4 cxd4 5.Nxd4 Nf6 6.Be2 e5 7.Nf3 h6 8.O-O Be7
9.Re1 O-O 10.h3 Be6 11.Bf1 a6 12.Nd5 Bxd5 13.exd5 Nb8 14.c4 Nbd7 15.b3 Nh7
16.Bb2 Ng5 17.Nd2 f5 18.b4 b6 19.Nb3 Bf6 20.a4 a5 21.c5 dxc5 22.bxc5 bxc5
23.d6 Kh8 24.Rc1 Ne4 25.Ba3 Qb6 26.Rxe4 fxe4 27.Nxc5 Nxc5 28.Bxc5 Qb2 29.Bb5 Rac8  1/2-1/2

[Event "13th Masters"]
[Site "Clichy FRA"]
[Date "2001.12.17"]
[Round "3"]
[White "Dragojlovic,A"]
[Black "Calistri,T"]
[Result "1-0"]
[WhiteElo "2330"]
[BlackElo "2324"]

1.e4 c5 2.Nf3 Nc6 3.Nc3 d6 4.d4 cxd4 5.Nxd4 Nf6 6.g3 e6 7.Bg2 Be7 8.Nxc6 bxc6
9.e5 Nd5 10.exd6 Qxd6 11.Ne4 Qc7 12.c4 Nf6 13.O-O O-O 14.Qa4 Nd7 15.Be3 c5
16.Rfd1 Rb8 17.Rd2 Rb4 18.Qc2 Ne5 19.b3 Bb7 20.Bf4 f5 21.Qc3 fxe4 22.Bxe5 Bf6
23.Bxf6 gxf6 24.Rad1  1-0

[Event "Winter Cup"]
[Site "Bucharest ROM"]
[Date "2001.12.19"]
[Round "9"]
[White "Voicu,C"]
[Black "Osman,M"]
[Result "1-0"]
[WhiteElo "2205"]
[BlackElo "2138"]

1.e4 c5 2.Nf3 Nc6 3.Nc3 e5 4.Bc4 d6 5.d3 h6 6.Nd2 Nf6 7.Nf1 g6 8.Ne3 Bg7
9.O-O O-O 10.Ned5 Nxd5 11.Nxd5 Na5 12.c3 Nxc4 13.dxc4 f5 14.exf5 gxf5 15.f4 Be6
16.Be3 Rc8 17.Rf2 Qe8 18.Rd2 Qf7 19.Qa4 Rc6 20.Rad1 a6 21.Qa5 Rfc8 22.Qa4 Rb8
23.Qc2 b5 24.cxb5 axb5 25.Bf2 Bf8 26.Bh4 e4 27.g4 fxg4 28.Qxe4 Bxd5 29.Rxd5 Re8
30.Qd3 c4 31.Qg3 Qa7+ 32.Kf1 Rc7 33.Bf6 h5 34.Rxh5 Rg7 35.Bxg7 Bxg7 36.Qxg4 Qb7
37.Rh8+ Kxh8 38.Qh5+ Kg8 39.Qxe8+ Bf8 40.Qg6+ Bg7 41.Qe6+ Kh8 42.Rd5  1-0

[Event "13th Masters"]
[Site "Clichy FRA"]
[Date "2001.12.19"]
[Round "5"]
[White "Di Paolo,R"]
[Black "Mrdja,M"]
[Result "0-1"]
[WhiteElo "2326"]
[BlackElo "2380"]

1.e4 c5 2.Nc3 Nc6 3.Nf3 e6 4.Bb5 Nd4 5.a4 Ne7 6.O-O a6 7.Be2 Nec6 8.d3 Be7
9.Nb1 O-O 10.c3 Nxe2+ 11.Qxe2 d5 12.Bf4 f6 13.Na3 Rf7 14.Nc2 e5 15.Bg3 d4
16.c4 Bg4 17.h3 Be6 18.Nd2 g5 19.Bh2 Qd7 20.g4 h5 21.f3 Rh7 22.Kg2 Bf7 23.Bg3 Kg7
24.Rh1 Rah8 25.Rag1 Nd8 26.b3 Ne6 27.Qe1 Bd8 28.Nb1 Be8 29.Qd2 Qc8 30.Nba3 Bd7
31.Rb1 Rh6 32.Rbg1 Bc7 33.Qe1 Qd8 34.Nb1 Ba5 35.Qc1 Qb6 36.Qa3 R8h7 37.Rd1 Kf7
38.Rdf1 Qc6 39.Qc1 Qc8 40.Rfg1 Qh8 41.Rf1 Nf4+ 42.Bxf4 gxf4 43.g5 fxg5 44.Qa3 Qf8
45.Kf2 g4 46.Rfg1 Qe7  0-1

[Event "TSGM December"]
[Site "Belgrade YUG"]
[Date "2001.12.20"]
[Round "6"]
[White "Paschall,W"]
[Black "Bakre,T"]
[Result "0-1"]
[WhiteElo "2393"]
[BlackElo "2446"]

1.e4 c5 2.Nc3 Nc6 3.Bb5 Nd4 4.Bc4 e6 5.Nf3 Ne7 6.Nxd4 cxd4 7.Ne2 Qc7 8.d3 b5
9.Bb3 Nc6 10.O-O Bc5 11.Bd2 O-O 12.f4 Bb7 13.f5 Ne5 14.Ng3 d5 15.exd5 exd5
16.f6 g6 17.Bf4 Rfe8 18.Qd2 Qb6 19.Bxe5 Rxe5 20.Nf5 gxf5 21.Qg5+ Kf8 22.Rxf5 Rxf5
23.Qg7+ Ke8 24.Re1+ Kd8 25.Qxf7 Qc6 26.Qg8+ Kc7 27.Qxh7+ Qd7  0-1

[Event "22nd Open"]
[Site "Bethune FRA"]
[Date "2001.12.26"]
[Round "1"]
[White "Cappon,J"]
[Black "Gregoire,T"]
[Result "1-0"]
[WhiteElo "2152"]
[BlackElo "2009"]

1.e4 c5 2.Nf3 Nc6 3.Nc3 d6 4.d4 cxd4 5.Nxd4 Nf6 6.Bg5 e6 7.Qd2 a6 8.O-O-O h6
9.Bf4 Bd7 10.Nxc6 Bxc6 11.Qe3 Qc7 12.Be2 Be7 13.g4 Nd7 14.h4 Ne5 15.Bg3 b5
16.f4 Nc4 17.Bxc4 bxc4 18.Qd4 O-O 19.g5 Qa7 20.Qxa7 Rxa7 21.Rd4 Rc8 22.Rxc4 Rac7
23.Rd1 Bb7 24.Rxc7 Rxc7 25.Rd4 Rd7 26.Bf2 hxg5 27.hxg5 g6 28.Rd3 Bf8 29.Bd4 Bg7
30.Bxg7 Kxg7 31.Kd2 f5 32.e5 d5 33.Ne2 Rc7 34.Nd4 Bc8 35.Rc3 Rxc3 36.Kxc3 Kf7
37.Kb4 Ke7 38.Ka5 Kd7 39.Kb6 Kd8 40.a4 Ke7 41.Nc6+ Ke8 42.Na7  1-0

[Event "10th Open"]
[Site "Aschach AUT"]
[Date "2001.12.27"]
[Round "2"]
[White "Heyne,M"]
[Black "Jurek,J"]
[Result "0-1"]
[WhiteElo "2185"]
[BlackElo "2362"]

1.e4 c5 2.Nc3 Nc6 3.Nf3 g6 4.d4 cxd4 5.Nxd4 Bg7 6.Be3 Nf6 7.Bc4 O-O 8.Bb3 a5
9.f3 d5 10.Nxd5 Nxd5 11.exd5 Nb4 12.c4 a4 13.Bc2 e5 14.dxe6 Bxd4  0-1

[Event "ch-AUS"]
[Site "Melbourne AUS"]
[Date "2001.12.29"]
[Round "2"]
[White "Canfell,G"]
[Black "Booth,Stew"]
[Result "1/2-1/2"]
[WhiteElo "2284"]
[BlackElo "2181"]

1.e4 c5 2.Nc3 Nc6 3.Nge2 g6 4.d4 cxd4 5.Nxd4 Bg7 6.Be3 d6 7.Qd2 Nf6 8.f3 O-O
9.O-O-O Bd7 10.h4 a6 11.h5 Nxh5 12.g4 Ng3 13.Rh2 Nxf1 14.Rxf1 Nxd4 15.Bxd4 Bxd4
16.Qxd4 f6 17.Rfh1 Rf7 18.Qd5 e6 19.Qxd6 Qf8 20.Qc7 Qb8 21.Qb6 Qa7 22.Qxa7 Rxa7
23.e5 Bc6 24.exf6 Bxf3 25.Rg1 g5 26.Rh5 Rxf6 27.Rxg5+ Kf7 28.Re5 Ra8 29.g5 Rf5
30.Re3 Rg8 31.Rg3 Bc6 32.Rh3 Rg7  1/2-1/2

[Event "Open"]
[Site "Trinec CZE"]
[Date "2001.12.29"]
[Round "4"]
[White "Vojtek,V"]
[Black "Cedikova,K"]
[Result "1-0"]
[WhiteElo "2277"]
[BlackElo "2133"]

1.e4 c5 2.Nf3 Nc6 3.Nc3 g6 4.d4 cxd4 5.Nxd4 Bg7 6.Be3 Nf6 7.Bc4 O-O 8.Bb3 a5
9.a4 Ng4 10.Nxc6 Nxe3 11.Nxe7+ Qxe7 12.fxe3 Qh4+ 13.Kd2 d6 14.Bd5 Be6 15.Kc1 Bxd5
16.Qxd5 Rac8 17.Ra3 Qf2 18.Qd2 Qh4 19.g3 Qg4 20.Rf1 Bxc3 21.Rxc3 Qxe4 22.Rxc8 Rxc8
23.b3 d5 24.Rf4 Qe5 25.Qd4 Qe6 26.Rf2 Re8 27.Rd2 Qxe3 28.Qxe3 Rxe3 29.Rxd5 Re2
30.Rxa5 Rxh2 31.Rb5 Rg2 32.Rxb7 Rxg3 33.a5 Rg5 34.b4 Rg3 35.Kb2  1-0

[Event "ch-AUS"]
[Site "Melbourne AUS"]
[Date "2001.12.30"]
[Round "3"]
[White "Smerdon,D"]
[Black "Hamilton,D"]
[Result "1-0"]
[WhiteElo "2326"]
[BlackElo "2245"]

1.e4 c5 2.Nf3 Nc6 3.Nc3 g6 4.d4 cxd4 5.Nxd4 Bg7 6.Be3 Nf6 7.Bc4 Qa5 8.O-O O-O
9.Nb3 Qc7 10.f4 d6 11.h3 a5 12.a4 Nb4 13.Qe2 Bd7 14.Bb5 Bc6 15.Bd4 Bxb5 16.axb5 a4
17.Nc1 e5 18.fxe5 dxe5 19.Be3 a3 20.Rb1 axb2 21.Rxb2 Qxc3 22.Rb3 Qxc2 23.Rxb4 Rfc8
24.Qxc2 Rxc2 25.Rf2 Rcc8 26.Na2 Ra3 27.Bg5 Nh5 28.Rbb2 h6 29.Bd2 Ng3 30.Rf3 Bf8
31.Bc3 Nxe4 32.Bxe5 f5 33.Rxa3 Bxa3 34.Rb3 Bc5+ 35.Kh2 Re8 36.Bf4 g5 37.Be3 Bd6+
38.Kg1 Bg3 39.Rb1 f4 40.Bb6 Re6 41.Ba5 Bf2+ 42.Kh2 h5 43.Nc3 Nd2 44.Rd1 Nc4
45.Bc7 Bg3+ 46.Kg1 Kf7 47.Bb8 Re3 48.Rc1 Ke6 49.Ba7 b6 50.Na4 Re2 51.Bxb6 Ra2
52.Nc3 Rb2 53.Bd4 Ne3 54.Kh1 Nxg2 55.Ne4 Re2 56.Nxg3 fxg3 57.Rg1 Nh4 58.Rxg3 Kf5
59.b6 Re1+ 60.Rg1 Re7 61.Rf1+ Kg6 62.Rf6+ Kh7 63.Bf2 Ng6 64.Rc6 Re2 65.b7  1-0

[Event "8th Open"]
[Site "Bosnjaci CRO"]
[Date "2002.01.03"]
[Round "1"]
[White "Leventic,I"]
[Black "Zovko,M"]
[Result "1-0"]
[WhiteElo "2439"]
[BlackElo "2094"]

1.e4 c5 2.Nc3 Nc6 3.Nf3 Nf6 4.Bb5 d6 5.e5 Ng4 6.exd6 Qxd6 7.Ne4 Qd5 8.Qe2 Bf5
9.d3 e6 10.Nh4 Be7 11.h3 Nf6 12.c4 Qe5 13.f4 Nxe4 14.Nf3 Qd6 15.dxe4 Bg6
16.O-O O-O 17.Bxc6 Qxc6 18.f5 Bh5 19.g4  1-0